Écouter et comprendre <la> france au quotidien

Saved in:
Bibliographic Details
Main Author: Roesch, Roselyne
Other Authors: Rolle-Harold, Rosalba
Format: Book
Language:French
Published: Gémenos Presses du Groupe Horizon 2016
Series:PUG - Français language étrangère B1-B2
Subjects:
Tags: Add Tag
No Tags, Be the first to tag this record!

MARC

LEADER 00000nam a2200000 4500
001 0228773
005 20240226124444.2
020 |a 978-2-7061-1507-3 
022 |a 0297-5718 
041 0 |a fre 
044 |a FR 
245 1 0 |a Écouter et comprendre  |b <la> france au quotidien  |c Roselyne Roesch et Rosalba Rolle-Harold 
264 1 |a Gémenos  |b Presses du Groupe Horizon  |c 2016 
300 |a 127 s.  |e 1 CD-ROM 
490 1 |a PUG - Français language étrangère  |v B1-B2 
830 0 |a PUG - Français language étrangère  |v B1-B2 
610 2 0 |a jazykoveda 
610 2 0 |a terminológia 
610 2 0 |a jazyky cudzie 
610 2 0 |a francúzština 
610 2 0 |a spoločnosť 
610 2 0 |a práca 
610 2 0 |a rodina 
610 2 0 |a zvyklosti kultúrne 
610 2 0 |a médiá 
100 1 |a Roesch, Roselyne 
700 1 |a Rolle-Harold, Rosalba